BLACKPINK MVs with 1 billion+ views - Statistics

General Stats
  • This quiz has been taken 55 times
  • The average score is 5 of 6
Answer Stats
Views Video % Correct
2B DDU-DU DDU-DU
97%
1.7B Kill This Love
95%
1.5B BOOMBAYAH
92%
1.4B How You Like That (Dance Performance)
85%
1.2B How You Like That (MV)
85%
1.2B AS IF IT'S YOUR LAST
67%
No matching quizzes found
Score Distribution
Percent of People with Each Score
Percentile by Number Answered
Your Score History
You have not taken this quiz